Pokémon Generique 9 - Le Tournoi Extreme - Statistiques

Statistiques générales
  • Ce quiz a été pris 548 fois
  • Le résultat moyen est 57 sur 62
Statistiques - réponses
Paroles % Correct
Pokémon !
99%
Pokémon !
99%
Pokémon !
99%
De
98%
De
98%
De
98%
De
98%
Le
98%
Le
98%
Le
98%
La
96%
La
96%
En
95%
Extrême
95%
Les
95%
Tournoi
95%
Ce
94%
C'est
93%
Ne
93%
Ne
93%
Te
93%
Tu
93%
Tu
93%
Tu
93%
As
92%
As
92%
défis
92%
Et
92%
Gagner !
92%
Qui
92%
Rien
92%
Rien
92%
Victoire
92%
Envie
91%
Fais
91%
L'Amitié
91%
Meilleur !
91%
Pas
91%
Peur,
91%
Plus
91%
Pour
91%
Toi
91%
tous
91%
Tout
91%
Compte
90%
Demain !
90%
Être
90%
Mais
90%
N'attend
90%
Rage
90%
T'appartient !
90%
Ton
90%
Trouver
90%
Vaincre
90%
Cœur
89%
Enfin
89%
L’énergie
89%
Pourra
89%
Relever
89%
L’éteindre
88%
Met
87%
Vise
73%
Aucun quiz correspondant
Distribution des résultats
% des personnes avec chaque résultat
Percentile par nombre de réponses
Votre historique - résultats
Vous n’avez pas pris ce quiz